Tasmanian journal of agriculture.

Bibliographic Details
New Title:Journal of agriculture, Tasmania
Corporate Author: Tasmania. Department of Agriculture
Format: Journal
Language:English
Published: [Hobart] : [Tasmanian Dept. of Agriculture], [1929-1978]
Subjects:
Online Availability: Check for online availability

MARC

Tag First Indicator Second Indicator Subfields
LEADER 00000cas a2200000 a 4500
001 in00000082360
005 20240923203215.8
008 750921d19291978at qr p s0 a0engm
010 |a  56036135  
012 |a 3 
022 |a 0039-9817 
035 |a (OCoLC)01644678 
035 |9 AAJ7414AM 
040 |a DLC  |c MUL  |d COO  |d DLC  |d TXA  |d UtOrBLW 
042 |a lc 
043 |a u-at-tm 
049 |a TXAE 
050 0 0 |a S17  |b .T3 
082 0 |a 630/.9946 
245 0 0 |a Tasmanian journal of agriculture. 
264 1 |a [Hobart] :  |b [Tasmanian Dept. of Agriculture],  |c [1929-1978] 
300 |a volumes :  |b illustrations ;  |c 25 cm. 
310 |a Quarterly 
336 |a text  |b txt  |2 rdacontent 
337 |a unmediated  |b n  |2 rdamedia 
338 |a volume  |b nc  |2 rdacarrier 
362 1 |a Began with Nov. 1929 issue.  |z cf. Union list of serials. 
515 |a Vols. <3-5> called new ser. 
500 |a The Cushing Library/Dykes Collection copies were signed by J. M. Jones, dated 1-3-33. John McKinley Jones was an animal scientist and former professor at Texas A&M University. 
650 0 |a Agriculture  |z Australia  |z Tasmania  |x Periodicals. 
650 0 |a Agriculture  |v Periodicals. 
700 1 |a Jones, J. M.  |q (John McKinley),  |e former owner.  |5 TXA 
710 1 |a Tasmania.  |b Department of Agriculture. 
785 0 0 |t Journal of agriculture, Tasmania  |w (OCoLC)5700054 
999 |a MARS 
999 f f |s 7442a9fa-3e6c-3542-87a0-71a67ebd2bc9  |i 9849b804-9e0c-3aea-9c4d-0e90f63be57e  |t 0 
952 f f |p noncirc  |a Texas A&M University  |b College Station  |c Cushing Memorial Library & Archives  |d Cushing: Dykes (Does not check out)  |t 0  |e S17 .T3  |h Library of Congress classification  |i unmediated -- volume  |k v.3:no.3  |l 1932:Aug.  |m A1485315961A 
952 f f |p ric  |a Texas A&M University  |b Rellis Campus  |c Joint Library Facility  |d Remote Storage  |t 0  |e S17 .T3  |h Library of Congress classification  |i unmediated -- volume  |k v.15;no.1-2,4  |l 1944Feb.-May,Nov.  |m A14811350790 
952 f f |p noncirc  |a Texas A&M University  |b College Station  |c Cushing Memorial Library & Archives  |d Cushing: Dykes (Does not check out)  |t 0  |e S17 .T3  |h Library of Congress classification  |i unmediated -- volume  |k v.3:no.1  |l 1932:Feb.  |m A1485315959H 
952 f f |p ric  |a Texas A&M University  |b Rellis Campus  |c Joint Library Facility  |d Remote Storage  |t 0  |e S17 .T3  |h Library of Congress classification  |i unmediated -- volume  |k v.27  |l 1956  |m A14851560012 
952 f f |p ric  |a Texas A&M University  |b Rellis Campus  |c Joint Library Facility  |d Remote Storage  |t 0  |e S17 .T3  |h Library of Congress classification  |i unmediated -- volume  |k v.9:no.1-3,v.10;no.1-4  |l 1938:Feb.-Aug.,1939:Feb.-Nov.  |m A14851559741 
952 f f |p ric  |a Texas A&M University  |b Rellis Campus  |c Joint Library Facility  |d Remote Storage  |t 0  |e S17 .T3  |h Library of Congress classification  |i unmediated -- volume  |k v.1:no.3,5,v.2:no.3-4  |l 1930:May,Nov.,1931:Aug.-Nov.  |m A14851560004 
952 f f |p ric  |a Texas A&M University  |b Rellis Campus  |c Joint Library Facility  |d Remote Storage  |t 0  |e S17 .T3  |h Library of Congress classification  |i unmediated -- volume  |k v.11:no.1-2,4-v.12:no.2,4  |l 1940:Feb.-May,Nov.-1941:May,Nov.  |m A14811350693 
952 f f |p ric  |a Texas A&M University  |b Rellis Campus  |c Joint Library Facility  |d Remote Storage  |t 0  |e S17 .T3  |h Library of Congress classification  |i unmediated -- volume  |k v.24-25  |l 1953-1954  |m A14851559618 
952 f f |p ric  |a Texas A&M University  |b Rellis Campus  |c Joint Library Facility  |d Remote Storage  |t 0  |e S17 .T3  |h Library of Congress classification  |i unmediated -- volume  |k v.47  |l 1976  |m A14851559766 
952 f f |p noncirc  |a Texas A&M University  |b College Station  |c Cushing Memorial Library & Archives  |d Cushing: Dykes (Does not check out)  |t 0  |e S17 .T3  |h Library of Congress classification  |i unmediated -- volume  |k v.1:no.5  |l 1930:Nov.  |m A1485315957F 
952 f f |p ric  |a Texas A&M University  |b Rellis Campus  |c Joint Library Facility  |d Remote Storage  |t 0  |e S17 .T3  |h Library of Congress classification  |i unmediated -- volume  |k v.43  |l 1972  |m A14851559626 
952 f f |p ric  |a Texas A&M University  |b Rellis Campus  |c Joint Library Facility  |d Remote Storage  |t 0  |e S17 .T3  |h Library of Congress classification  |i unmediated -- volume  |k v.46  |l 1975  |m A14851559899 
952 f f |p ric  |a Texas A&M University  |b Rellis Campus  |c Joint Library Facility  |d Remote Storage  |t 0  |e S17 .T3  |h Library of Congress classification  |i unmediated -- volume  |k v.22-23  |l 1951-1952  |m A14811350944 
952 f f |p ric  |a Texas A&M University  |b Rellis Campus  |c Joint Library Facility  |d Remote Storage  |t 0  |e S17 .T3  |h Library of Congress classification  |i unmediated -- volume  |k v.3:no.1,3-4,v.4:no.3  |l 1932:Feb.,Aug.-Nov.,1933:Aug.  |m A14851559873 
952 f f |p ric  |a Texas A&M University  |b Rellis Campus  |c Joint Library Facility  |d Remote Storage  |t 0  |e S17 .T3  |h Library of Congress classification  |i unmediated -- volume  |k v.5:no.1-v.6:no.2,4  |l 1934:Feb.-1935:May,Nov.  |m A14811350546 
952 f f |p ric  |a Texas A&M University  |b Rellis Campus  |c Joint Library Facility  |d Remote Storage  |t 0  |e S17 .T3  |h Library of Congress classification  |i unmediated -- volume  |k v.28  |l 1957  |m A14851559881 
952 f f |p noncirc  |a Texas A&M University  |b College Station  |c Cushing Memorial Library & Archives  |d Cushing: Dykes (Does not check out)  |t 0  |e S17 .T3  |h Library of Congress classification  |i unmediated -- volume  |k v.1:no.2  |l 1930:Feb.  |m A1485315955D 
952 f f |p ric  |a Texas A&M University  |b Rellis Campus  |c Joint Library Facility  |d Remote Storage  |t 0  |e S17 .T3  |h Library of Congress classification  |i unmediated -- volume  |k v.26  |l 1955  |m A14851560145 
952 f f |p ric  |a Texas A&M University  |b Rellis Campus  |c Joint Library Facility  |d Remote Storage  |t 0  |e S17 .T3  |h Library of Congress classification  |i unmediated -- volume  |k v.18-19  |l 1947-1948  |m A14811350350 
952 f f |p ric  |a Texas A&M University  |b Rellis Campus  |c Joint Library Facility  |d Remote Storage  |t 0  |e S17 .T3  |h Library of Congress classification  |i unmediated -- volume  |k v.45  |l 1974  |m A14851560020 
952 f f |p ric  |a Texas A&M University  |b Rellis Campus  |c Joint Library Facility  |d Remote Storage  |t 0  |e S17 .T3  |h Library of Congress classification  |i unmediated -- volume  |k v.30:no.1-2,4  |l 1959:Feb.-May,Nov.  |m A14811350994 
952 f f |p ric  |a Texas A&M University  |b Rellis Campus  |c Joint Library Facility  |d Remote Storage  |t 0  |e S17 .T3  |h Library of Congress classification  |i unmediated -- volume  |k v.44  |l 1973  |m A14851560152 
952 f f |p ric  |a Texas A&M University  |b Rellis Campus  |c Joint Library Facility  |d Remote Storage  |t 0  |e S17 .T3  |h Library of Congress classification  |i unmediated -- volume  |k v.20-21  |l 1949-1950  |m A14811350897 
952 f f |p ric  |a Texas A&M University  |b Rellis Campus  |c Joint Library Facility  |d Remote Storage  |t 0  |e S17 .T3  |h Library of Congress classification  |i unmediated -- volume  |k v.7:no.1-v.8:no.2,4  |l 1936:Feb.-1937:May,Nov.  |m A14811350596 
952 f f |p noncirc  |a Texas A&M University  |b College Station  |c Cushing Memorial Library & Archives  |d Cushing: Dykes (Does not check out)  |t 0  |e S17 .T3  |h Library of Congress classification  |i unmediated -- volume  |k v.3:no.2  |l 1932:May  |m A14853159609 
952 f f |p noncirc  |a Texas A&M University  |b College Station  |c Cushing Memorial Library & Archives  |d Cushing: Dykes (Does not check out)  |t 0  |e S17 .T3  |h Library of Congress classification  |i unmediated -- volume  |k v.2:no.2  |l 1931:May  |m A1485315958G 
952 f f |p ric  |a Texas A&M University  |b Rellis Campus  |c Joint Library Facility  |d Remote Storage  |t 0  |e S17 .T3  |h Library of Congress classification  |i unmediated -- volume  |k v.29  |l 1958  |m A14851559758 
952 f f |p noncirc  |a Texas A&M University  |b College Station  |c Cushing Memorial Library & Archives  |d Cushing: Dykes (Does not check out)  |t 0  |e S17 .T3  |h Library of Congress classification  |i unmediated -- volume  |k v.1:no.3  |l 1930:May  |m A1485315956E 
952 f f |p ric  |a Texas A&M University  |b Rellis Campus  |c Joint Library Facility  |d Remote Storage  |t 0  |e S17 .T3  |h Library of Congress classification  |i unmediated -- volume  |k v.16-17  |l 1945-1946  |m A14811350847 
952 f f |p ric  |a Texas A&M University  |b Rellis Campus  |c Joint Library Facility  |d Remote Storage  |t 0  |e S17 .T3  |h Library of Congress classification  |i unmediated -- volume  |k v.48-49  |l 1977-1978  |m A14842021421 
952 f f |p ric  |a Texas A&M University  |b Rellis Campus  |c Joint Library Facility  |d Remote Storage  |t 0  |e S17 .T3  |h Library of Congress classification  |i unmediated -- volume  |k v.13:no.1-2,4-v.14:no.4  |l 1942:Feb.-May,Nov.-1943:Nov.  |m A14811350740 
998 f f |a S17 .T3  |s 49:no.1-3 (1978)  |t 0  |l Remote Storage 
998 f f |a S17 .T3  |s v.3:no.1-3 (1932:Feb.-Aug.)  |t 0  |l Cushing: Dykes (Does not check out)